000 00715nam a2200193 a 4500
001 000032538
005 20200930065708.0
008 110719s2012 dr 000 0 spa d
020 _a9789945862836
040 _aDO-SdBNP
_bspa
_cBNPHU
082 _axxxx
_bxxx
100 1 _aGurú Devanand, Swami
_958465
245 1 0 _aContacto con Dios :
_bel código secreto de la espiritualidad /
_cSuami Gurú Devanand, Saraswati Ji Maharaj.
260 _aSanto Domingo :
_bSociedad Internacional de Realización Divina,
_c2012.
300 _a120 p. ;
_c15 cm.
500 _aIncluye datos biográficos de los autores en la solapa de la cubierta y en la contracubierta
700 1 _aJi Maharaj, Saraswat
_958466
049 _aBNPD
999 _c32029
_d32029